MDQL
is popping MORE tags! Check the
thread
!
Quizzes
Events
Quiz Creation
Community
Videos
Private Events
Remove Ads
Sign In
Join for FREE
Feedback
Dark Mode
Quiz Categories
Sports
Geography
Music
Movies
Television
Just For Fun
Miscellaneous
History
Literature
Language
Science
Gaming
Entertainment
Religion
Holiday
For Kids
Quiz Lab
Recent
Popular Today
Quiz Kudos Today
Editor Picks
Curator Picks
Quizzes by...
Day
Popularity
Type
Ratings
Length
Year
Community
Subscriptions
Recent Discussions
Orange Saloon
Badges
Playlists
Quests
Create
Leaderboards
Showdown
Live 5
Trivia Bingo
Activity
Puzzle Library
Sporcle Events
Private Events
Virtual Trivia
Globe League
Become a Host
Pub Owners
SporcleCon
Opinionation
Our Games
Videos
Blog
Mobile Apps
Partnerships
Remove Ads and Go Orange
Feedback
Television
TV Characters
TV Show
Sitcom
Network
Friends
Reality Shows
Cast
South Park
Star Trek
The Simpsons
Doctor Who
Television
TV Characters
TV Show
Sitcom
Network
Friends
Reality Shows
Cast
South Park
Star Trek
The Simpsons
Doctor Who
Random Quiz
Search Sporcle
×
Quiz Lab
Quiz Lab
Television
Letter
Type in answers that appear in a list
Type in answers that appear in a list
Classic
Best Score? Go Orange.
Simpsons Neologisms Stats
Can you name the words or phrases coined on The Simpsons??
By
deej
10m
42 Questions
438 Plays
438 Plays
438 Plays
Comments
Comments
Give Quiz Kudos
Give Quiz Kudos
-
- Ratings
hide this ad
More Info
Random Order
Randomize order of answers
Randomize order of answers
Replay
Link that replays current quiz
Next Quiz
Link to next quiz in quiz playlist
You Got
0%
They Got
Avg Score
38%
Avg Friend Score
Upgrade to see
Score Distribution
Jump to the score distribution portion of the page
Score
0/42
Timer
10:00
0
Plays Today
First Letter
Word/Phrase
% Correct
U
Unpossible
70.3%
B
Boo-urns
69.6%
S
Shinning
68.3%
S
Steamed hams
64.4%
E
Embiggen
63.2%
C
Car Hole
60.5%
Y
Yoink!
60.5%
C
Cromulent
59.8%
S
Smarch
59.6%
G
Gamblor
56.4%
B
Bovine University
50.2%
A
America's Wang
49.5%
S
Scotchtoberfest
48.9%
K
Knifey-Spooney
48.4%
C
Cheese-eating surrender monkeys
46.8%
D
Debigulator
45.9%
P
Pull a Homer
45.9%
D
Dickety
45.7%
S
Sacrelicious
43.8%
N
No-breath
43.4%
C
Crap factory
42.5%
First Letter
Word/Phrase
% Correct
K
Kwyjibo
40.4%
A
America Junior
39.3%
L
Land of Chocolate
39%
E
Esquilax
33.6%
S
Screamapillar
31.1%
N
Neglecterino
30.4%
W
Wiggle Puppy
29.5%
A
Avoision
26.7%
C
Crisitunity
25.8%
L
Landcow
24.4%
R
(Dreaded) Rear Admiral
21.9%
F
Floorpie
20.8%
F
Frinkahedron
20.1%
S
Snacktacular
19.4%
P
Pointy kitty
16.7%
K
Knowledgeum
14.2%
C
California Cheeseburger
13.9%
J
Juzz
13.5%
A
Assal Horizontology
11.6%
S
Sandal-wearing goldfish tenders
11.6%
F
Flanswered
5.3%
Quiz Playlist
Details
Report
Send in Message
Add To Playlist
More Info:
Many descriptions taken verbatim from source. Terms may contain more than one word, first letter of first word is given
Classic:
Type in answers that appear in a list
Random Order:
Randomize order of answers
Quiz Source
Last Updated: Feb 16, 2017
Quiz Scoreboard
CHALLENGE
Sign Up to Join the Scoreboard
Show All
Scores
Hide
Comments
May contain spoilers
Recently Published
Find the 'City' Movie
by crazypaving
Movies
60s
5x2 Blitz: Bands
by SL_Kpop136
Music
30s
Colored Red Africa Blitz
by spor1
Geography
30s
More to Explore
Quiz From the Vault
Featured Blog Post
14 Easter Pick-up Lines to Find Eggs With
hide this ad
You Might Also Like...
Tags
Letter Quiz
The Simpsons Quiz
phrase
Today's Top Quizzes in Television
Browse Television
hide this ad
Today's Top Quizzes in Letter
Browse Letter
Top Contributed Quizzes in Television
1
Survivor Journey Challenge
2
Brooklyn Nine Nine Logic Puzzle (How-To-Play)
3
Phoebe Buffay Quotes
4
Survivor Trivia
5
Survivor Logic Puzzle: Heroes vs. Villains
6
One Tree Hill Logic Puzzle
7
Survivor Heroes vs. Villains Logic Puzzle
8
All US Survivor Seasons in Order
9
Game of Thrones: Tywin Lannister Start to Finish
10
Emmerdale Characters (from August 2012)
Explore More
Trending Topics
NBA
Kpop
Disney
Harry Potter
Anime
Crossword
Marvel
The Office
WWE
Soccer
Country
Puzzle
Song
Pokémon
NFL
hide this ad
More By:
deej
Quiz
Plays
Rating
Category
Featured
Created
MLB 40-HRs by 4-Letter Players
176,941
4.01
Sports
Oct 1, 2009
MLB 300 HR with 1 Team
143,196
4.63
Sports
Jun 21, 2010
MLB Pitching Rotations (2000s)
132,834
4.52
Sports
Mar 16, 2010
MLB Batting Title Blitz - 2010s
76,624
4.40
Sports
Oct 23, 2012
MLB 30 HR Seasons (1990s)
74,884
4.64
Sports
Jun 2, 2013
Go to Creator's Profile
Score Distribution
Quiz Creator Spotlight
deej
Follow
Send a Message
Quizzes Created
-
Created Quiz Play Count
-
More By This Creator
Popular Quizzes Today
1
Colored Red Africa Blitz
2
Find the US States - No Outlines Minefield
3
Find the 'City' Movie
4
5x2 Blitz: Bands
5
The Countries of the World
6
Find the US States
7
US States
8
9x9 Crossword: Cartoon Network
More Television Quizzes
Sitcoms by Numbers
Published
Trending Quizzes
Colored Red Europe Blitz I
Colored Red Europe Blitz II
Colored Red Africa Blitz II
Colored Red Europe Blitz III
Colored Red Africa Blitz III
Recently Updated
Godzilla Movies
pecheneg
Grab Bag: 4-10 Letters
pecheneg
2024 March Madness Bracket
pecheneg
Famous TV Couples
Peacemaker
Champions League XIs: Real Madrid
pecheneg
Largest US Cities 1790-2010
pecheneg
Rides in Walt Disney World
pecheneg
Most Oscar Losses (Acting)
pecheneg
Beyoncé Albums
pecheneg
Leaping Animals
pecheneg
Trending Topics
Harry Potter
NBA
Marvel
Disney
Kpop
Anime
Crossword
Country
Soccer
Pokémon
NFL
WWE
The Office
Song
Puzzle
Your Account Isn't Verified!
In order to create a playlist on Sporcle, you need to verify the email address you used during registration. Go to your
Sporcle Settings
to finish the process.
Report this User
Report this user for behavior that violates our
Community Guidelines
.
Details:
Send Report
Go to the Sporcle.com Mobile Site →
Comments